|
|
|
|
| LEADER |
00000nab a2200000 a 4500 |
| 001 |
vtls000750142 |
| 003 |
SK-MaSNL |
| 005 |
20260304172807.0 |
| 008 |
250526c2000 xo 0 slo |
| 015 |
|
|
|a SNBRB2001/03-07029
|
| 035 |
|
|
|a CLN000101944
|
| 035 |
|
|
|a urn:nbn:sk:snk-ab28co
|
| 035 |
|
|
|a (urnnbn)urn:nbn:sk:snk:ar-a01xqy
|
| 035 |
|
|
|a (uuid)f0887170-c32e-4ec0-8e82-dc8a99502ae8
|
| 040 |
|
|
|a SNKBUCL
|b slo
|c SNKBUCL
|e AACR2
|
| 041 |
0 |
|
|a slo
|
| 044 |
|
|
|a xo
|c SK
|
| 080 |
|
|
|a 630 9(437.6):334.782
|2 1997
|
| 100 |
1 |
|
|a Lacko, Milan
|4 aut
|9 6438
|
| 245 |
1 |
0 |
|a Na tému: Lesné pozemkové spoločenstvá a rozvoj vidieka
|c Milan Lacko
|
| 300 |
|
|
|b Fotogr.
|
| 650 |
0 |
7 |
|a spoločenstvá pozemkové lesné
|z Slovensko
|2 snkbucl
|9 919192
|
| 655 |
|
7 |
|a články z novín a časopisov
|2 snkbucl
|9 267496
|
| 773 |
0 |
|
|t Les
|g Roč. 56, č. 10-11 (2000), s. 25-26
|x 0323-0996
|
| 850 |
|
|
|a Slovenská národná knižnica
|
| 852 |
|
|
|a Slovenská národná knižnica
|
| 954 |
|
|
|a odborná, vedecká literatúra pôvodná (slovenská)
|2 lita
|
| 958 |
|
|
|a ONDV
|
| 958 |
|
|
|a article2022
|
| 958 |
|
|
|a SK
|
| 992 |
|
|
|a RBX
|
| 999 |
|
|
|c 3000113
|d 3002043
|